01381nam a22003977a 4500003000900000005001700009008004100026040002800067041001300095044000700108245004400115260008000159300005400239505001400293505001700307505002700324505002800351505002300379505003000402505003900432505004900471505006500520505003400585650002700619650002700646650002400673650002600697651004400723908000800767930001000775942001300785945002000798980004300818999001700861952010500878AR-RoUNA20260320105608.0260320b |||||||| |||| 00| 0 spa d aAR-RoUNAbspadAR-RoUNA aspahspa aag10aRuinas jesuiticas de San Ignacio Mini / aBuenos Aires, Argentina :b Producciones Graficas Boffi y Gonzalez,c[s.f.] a32 paginas con ilustracionesbfot. col.c27x18 cm0 tCONTENIDO0 tIntroduccion0 tLa compañia de Jesus0 tLas Misiones Jesuiticas0 tEl gobierno civil 0 tLa organizacion economica0 tLa destruccion de San Ignacio Mini0 tHistoria de la reduccion de San Ignacio Mini0 tEl pueblo de la reduccion de San Ignacio de San Ignacio Mini0 tEl templo de San Ignacio Mini 4aArquitectura jesuitica 4aHistoria de la cultura 4aPueblos originarios 4aAborigenes argentinos 4aSan Ignacio, Misiones, Argentina927658 aImp e12310 2ddccLIB aMIAd2026-03-20 61aMaricel Allasia81gMaricel Allasia c12370d12370 00102cdu405070aAR-RoUNAbAR-RoUNAcArgd2026-03-20eDonl0o94(82.3) R934p18466tej. 1yLIBx